[Event "ESP-ch FEDC 28th"]
[Site "Ubeda"]
[Date "2019.11.21"]
[Round "3"]
[White "Lopez Escobar, Enrique"]
[Black "Munoz Perez, Javier C"]
[Result "1-0"]
[WhiteElo "1745"]
[BlackElo "1561"]
[PlyCount "71"]
[EventDate "2019.11.19"]
[EventType "swiss"]
[EventRounds "8"]
[EventCountry "ESP"]
[SourceTitle "EXT 2024"]
[Source "ChessBase"]
[SourceDate "2023.10.10"]
[SourceVersion "1"]
[SourceVersionDate "2023.10.10"]
[SourceQuality "1"]

1. e4 c5 2. Nf3 e6 3. d3 Nc6 4. g3 Nge7 5. Bg2 g6 6. Be3 Bg7 7. c3 d6 8. 0-0 0-0 9. d4 cxd4 10. cxd4 d5 11. e5 Nf5 12. Qd2 Nxe3 13. fxe3 Rb8 14. Ne1 b6 15. Nc3 Ba6 16. Nd3 Na5 17. b3 Rc8 18. Ne2 Nc6 19. Nef4 Qe7 20. Bh3 Bxd3 21. Nxd3 Bh6 22. Nf2 Nb4 23. Rac1 Rxc1 24. Rxc1 Rd8 25. Ng4 Bf8 26. Bf1 Qg5 27. Nf6+ Kg7 28. a3 Na2 29. Ra1 Bxa3 30. Rxa2 Bb4 31. Qxb4 Qxe3+ 32. Rf2 Rc8 33. Qd2 Qxb3 34. Qf4 Rc3 35. Nh5+ Kh8 36. Qf6+ 1-0

[Event "Almunecar FEDC op 23th"]
[Site "Almunecar"]
[Date "2019.10.02"]
[Round "5"]
[White "Lopez Escobar, Enrique"]
[Black "Mesa Garcia, Angel"]
[Result "1-0"]
[WhiteElo "1730"]
[BlackElo "1629"]
[PlyCount "157"]
[EventDate "2019.09.28"]
[EventType "swiss"]
[EventRounds "7"]
[EventCountry "ESP"]
[SourceTitle "EXT 2024"]
[Source "ChessBase"]
[SourceDate "2023.10.10"]
[SourceVersion "1"]
[SourceVersionDate "2023.10.10"]
[SourceQuality "1"]

1. d4 d5 2. Bf4 Bf5 3. e3 e6 4. Nd2 Bd6 5. Bg3 c6 6. Ngf3 h6 7. Ne5 Nf6 8. Be2 Qc7 9. 0-0 Nbd7 10. Nxd7 Qxd7 11. Bxd6 Qxd6 12. f4 Ne4 13. Nf3 0-0 14. Ne5 Rac8 15. c3 Qe7 16. Qe1 a6 17. Rd1 c5 18. Kh1 c4 19. g4 Bh7 20. Rg1 f6 21. Nf3 g5 22. Qf1 Kf7 23. Nd2 Ke8 24. Bf3 f5 25. Qg2 Rg8 26. Bxe4 fxe4 27. Rdf1 Kd7 28. Qh3 Rg6 29. fxg5 hxg5 30. Rf2 Bg8 31. Rgf1 Rg7 32. Qg3 Qd6 33. Qxd6+ Kxd6 34. Rf6 Rcc7 35. R1f2 Rcf7 36. Rxf7 Rxf7 37. Rxf7 Bxf7 38. Kg2 Ke7 39. Kg3 Kf6 40. h4 b5 41. a3 Bg6 42. Nf1 Be8 43. Kh3 Kg6 44. Ng3 Kh6 45. Nh1 Kg6 46. Nf2 Kf6 47. Kg3 Kg6 48. Nh3 gxh4+ 49. Kxh4 Bf7 50. Nf4+ Kf6 51. Nh5+ Kg6 52. g5 Kf5 53. Ng3+ Kg6 54. Kg4 Be8 55. Kf4 Bf7 56. Nf1 Bg8 57. Nh2 Kf7 58. Ng4 Kg6 59. Ne5+ Kh5 60. Nd7 Bf7 61. Nb8 Be8 62. Nxa6 Kg6 63. Nc7 Bd7 64. Ke5 Kxg5 65. Nxe6+ Kg4 66. Kxd5 Bc8 67. Nc5 Kf3 68. Kc6 Kxe3 69. Kxb5 Kf4 70. Kxc4 e3 71. Nd3+ Kf3 72. Nc1 Ba6+ 73. Kb3 Kf2 74. d5 Ke1 75. Kc2 Bc8 76. Nd3+ Ke2 77. Nc1+ Kf2 78. b4 Bf5+ 79. Kb2 1-0

[Event "Benidorm FEDC op 22th"]
[Site "Benidorm"]
[Date "2019.06.14"]
[Round "6"]
[White "Mayor Martinez, Juan Jose"]
[Black "Lopez Escobar, Enrique"]
[Result "1/2-1/2"]
[WhiteElo "1850"]
[BlackElo "1730"]
[PlyCount "42"]
[EventDate "2019.06.09"]
[EventType "swiss"]
[EventRounds "7"]
[EventCountry "ESP"]
[SourceTitle "EXT 2024"]
[Source "ChessBase"]
[SourceDate "2023.10.10"]
[SourceVersion "1"]
[SourceVersionDate "2023.10.10"]
[SourceQuality "1"]

1. e4 e6 2. Nf3 d5 3. exd5 exd5 4. d4 Nf6 5. Bg5 Be7 6. Be2 0-0 7. 0-0 Nbd7 8. Re1 Re8 9. Nbd2 h6 10. Bh4 Ne4 11. Bxe7 Rxe7 12. c3 Ndf6 13. Ne5 Bf5 14. f3 Nxd2 15. Qxd2 Nd7 16. Bd3 Nxe5 17. dxe5 Bxd3 18. Qxd3 c6 19. Qd4 Qb6 20. b4 Rae8 21. Kf2 Rxe5 1/2-1/2

[Event "ESP-ch FEDC 27th"]
[Site "Almunecar"]
[Date "2018.12.03"]
[Round "8"]
[White "Sanchez Ruiz, Piedad Esmeralda"]
[Black "Lopez Escobar, Enrique"]
[Result "0-1"]
[WhiteElo "1685"]
[BlackElo "1706"]
[PlyCount "56"]
[EventDate "2018.11.26"]
[EventType "swiss"]
[EventRounds "8"]
[EventCountry "ESP"]
[SourceTitle "EXT 2024"]
[Source "ChessBase"]
[SourceDate "2023.10.10"]
[SourceVersion "1"]
[SourceVersionDate "2023.10.10"]
[SourceQuality "1"]

1. e4 e6 2. d4 d5 3. e5 c5 4. c3 Nc6 5. Nf3 Qb6 6. Be2 Bd7 7. 0-0 Rc8 8. b3 cxd4 9. cxd4 Nb4 10. Na3 a6 11. Bb2 Ne7 12. Qd2 Nf5 13. g4 Nh6 14. h3 Be7 15. Rfc1 0-0 16. Kg2 Rxc1 17. Bxc1 Rc8 18. Bd3 Nxd3 19. Qxd3 Qa5 20. Nc2 Bb5 21. Qd1 Qc3 22. Ba3 Bxa3 23. Nxa3 Bd3 24. Qe1 Qb2 25. Rd1 Be4 26. Nb1 Qxa2 27. Nbd2 Bxf3+ 28. Kxf3 Qb2 0-1

[Event "ESP-ch FEDC 27th"]
[Site "Almunecar"]
[Date "2018.11.27"]
[Round "2"]
[White "Fernandez Lago, David"]
[Black "Lopez Escobar, Enrique"]
[Result "1/2-1/2"]
[WhiteElo "1941"]
[BlackElo "1706"]
[PlyCount "82"]
[EventDate "2018.11.26"]
[EventType "swiss"]
[EventRounds "8"]
[EventCountry "ESP"]
[SourceTitle "EXT 2024"]
[Source "ChessBase"]
[SourceDate "2023.10.10"]
[SourceVersion "1"]
[SourceVersionDate "2023.10.10"]
[SourceQuality "1"]

1. e4 e6 2. d4 d5 3. Nc3 Nf6 4. Bg5 Bb4 5. exd5 exd5 6. Bd3 0-0 7. Qf3 Re8+ 8. Nge2 Bg4 9. Qxg4 Nxg4 10. Bxd8 Nxf2 11. 0-0 Nxd3 12. Bxc7 Na6 13. Bg3 Nxb2 14. Rab1 Nc4 15. Nxd5 Nd2 16. Nxb4 Nxb1 17. Nxa6 Rxe2 18. Nc7 Rd8 19. Rxb1 Rxd4 20. Kf1 Rxc2 21. Rxb7 Kf8 22. Be1 Rd1 23. Rxa7 Rcc1 24. Kf2 Rc2+ 25. Kf3 Rxe1 26. Ra8+ Ke7 27. Re8+ Kd7 28. Rxe1 Rxc7 29. a4 Kc8 30. Re8+ Kb7 31. Rh8 h6 32. Rh7 f5 33. h4 Kb6 34. h5 Ka5 35. Kf4 Rf7 36. Ke5 f4 37. Ke6 f3 38. gxf3 Rxf3 39. Rxg7 Rh3 40. Ra7+ Kb6 41. Ra8 Rxh5 1/2-1/2

[Event "Almunecar FEDC op 21th"]
[Site "Almunecar"]
[Date "2018.10.06"]
[Round "5"]
[White "Menendez Solar, Jose Carlos"]
[Black "Lopez Escobar, Enrique"]
[Result "1-0"]
[WhiteElo "1809"]
[BlackElo "1666"]
[PlyCount "81"]
[EventDate "2018.10.02"]
[EventType "swiss"]
[EventRounds "7"]
[EventCountry "ESP"]
[SourceTitle "EXT 2024"]
[Source "ChessBase"]
[SourceDate "2023.10.10"]
[SourceVersion "1"]
[SourceVersionDate "2023.10.10"]
[SourceQuality "1"]

1. d4 f5 2. Nc3 d5 3. Bf4 Nf6 4. Nb5 Na6 5. c4 e6 6. Rc1 c6 7. Nc3 Be7 8. e3 0-0 9. Nf3 Nb8 10. Bd3 Ne4 11. Bxe4 fxe4 12. Ne5 Nd7 13. 0-0 Nf6 14. c5 Qe8 15. f3 Kh8 16. fxe4 Nxe4 17. Nxe4 dxe4 18. Qc2 Bf6 19. Qxe4 Bxe5 20. Bxe5 Rxf1+ 21. Rxf1 Bd7 22. Rf3 Qg6 23. Qf4 Rg8 24. e4 Be8 25. g4 h6 26. Kf2 Bd7 27. Rh3 Kh7 28. g5 h5 29. Rf3 Bc8 30. h4 Bd7 31. Qf7 Qxf7 32. Rxf7 Bc8 33. Ke3 Kg6 34. Rc7 Kh7 35. a4 Kg6 36. b4 a6 37. Kd3 Kh7 38. Kc4 Kg6 39. b5 axb5+ 40. axb5 cxb5+ 41. Kxb5 1-0

[Event "Almunecar FEDC op 21th"]
[Site "Almunecar"]
[Date "2018.10.05"]
[Round "4"]
[White "Lopez Escobar, Enrique"]
[Black "Redondo Maguregui, Juan Manuel"]
[Result "1-0"]
[WhiteElo "1666"]
[BlackElo "1722"]
[PlyCount "73"]
[EventDate "2018.10.02"]
[EventType "swiss"]
[EventRounds "7"]
[EventCountry "ESP"]
[SourceTitle "EXT 2024"]
[Source "ChessBase"]
[SourceDate "2023.10.10"]
[SourceVersion "1"]
[SourceVersionDate "2023.10.10"]
[SourceQuality "1"]

1. f4 g6 2. Nf3 d5 3. e3 Bg7 4. Be2 c5 5. 0-0 Nc6 6. d4 cxd4 7. exd4 Qb6 8. c3 Nf6 9. Kh1 0-0 10. Qe1 Qc7 11. Bd3 Re8 12. Qh4 Nh5 13. g4 Nf6 14. f5 e5 15. dxe5 Nxe5 16. Nxe5 Qxe5 17. Bf4 Qe7 18. fxg6 fxg6 19. Bg5 Rf8 20. Nd2 Qd6 21. h3 Bd7 22. Be3 Rae8 23. Bd4 Ne4 24. Rxf8+ Qxf8 25. Rf1 Qd6 26. Bxe4 dxe4 27. Nc4 Qa6 28. Ne3 Bxd4 29. cxd4 Qd6 30. Qf2 Qxd4 31. Qf7+ Kh8 32. Nd5 Qxd5 33. Qxd5 Bc6 34. Qd4+ Kg8 35. Kg1 e3 36. Re1 e2 37. Qc4+ 1-0

[Event "Almunecar FEDC op 21th"]
[Site "Almunecar"]
[Date "2018.10.03"]
[Round "2"]
[White "Lopez Escobar, Enrique"]
[Black "Galvan Dominguez, Santiago"]
[Result "1-0"]
[WhiteElo "1666"]
[BlackElo "1469"]
[PlyCount "33"]
[EventDate "2018.10.02"]
[EventType "swiss"]
[EventRounds "7"]
[EventCountry "ESP"]
[SourceTitle "EXT 2024"]
[Source "ChessBase"]
[SourceDate "2023.10.10"]
[SourceVersion "1"]
[SourceVersionDate "2023.10.10"]
[SourceQuality "1"]

1. e4 c6 2. d4 d5 3. exd5 cxd5 4. Bd3 Nc6 5. c3 Nf6 6. Bf4 e6 7. Nf3 Bd6 8. Bg3 Qc7 9. 0-0 0-0 10. Re1 Re8 11. Bxd6 Qxd6 12. Ne5 Nd7 13. f4 f6 14. Qh5 g6 15. Bxg6 Re7 16. Nf7 hxg6 17. Qxg6+ 1-0

[Event "Benidorm FEDC op 20th"]
[Site "Benidorm"]
[Date "2018.06.13"]
[Round "4"]
[White "Lopez Escobar, Enrique"]
[Black "Gamiz Campana, Francisco Javier"]
[Result "1-0"]
[WhiteElo "1636"]
[BlackElo "1778"]
[PlyCount "79"]
[EventDate "2018.06.10"]
[EventType "swiss"]
[EventRounds "7"]
[EventCountry "ESP"]
[SourceTitle "CBM 184 Extra"]
[Source "ChessBase"]
[SourceDate "2018.06.28"]
[SourceVersion "1"]
[SourceVersionDate "2018.06.28"]
[SourceQuality "1"]

1. d4 Nf6 2. e3 g6 3. b3 Bg7 4. Bb2 d6 5. Nf3 c6 6. Nbd2 Qa5 7. Bd3 b5 8. 0-0 Bg4 9. h3 Bd7 10. e4 Nh5 11. Re1 Na6 12. Bf1 0-0 13. g3 Nc7 14. c4 Qb6 15. Kh2 Rad8 16. Qe2 Rfe8 17. e5 d5 18. c5 Qb7 19. Qe3 Bf8 20. Bd3 Ne6 21. Rh1 a5 22. a3 b4 23. a4 Qa7 24. Ne1 Bc8 25. Ng2 Ba6 26. Bc2 Qd7 27. Rag1 f6 28. g4 Nhg7 29. Nh4 Qa7 30. Ndf3 Rc8 31. Nxg6 hxg6 32. Qh6 Nf5 33. Qxg6+ Neg7 34. Bxf5 e6 35. Qh7+ Kf7 36. Bg6+ Ke7 37. exf6+ Kxf6 38. Bc1 Qc7+ 39. Ne5 Nf5 40. g5# 1-0

[Event "Foment Martinenc op-B 20th"]
[Site "Barcelona"]
[Date "2018.06.02"]
[Round "7"]
[White "Lopez Escobar, Enrique"]
[Black "Romero Gamez, Francisco Javier"]
[Result "1-0"]
[WhiteElo "1636"]
[BlackElo "1542"]
[PlyCount "35"]
[EventDate "2018.04.21"]
[EventType "swiss"]
[EventRounds "9"]
[EventCountry "ESP"]
[SourceTitle "CBM 184 Extra"]
[Source "ChessBase"]
[SourceDate "2018.06.28"]
[SourceVersion "1"]
[SourceVersionDate "2018.06.28"]
[SourceQuality "1"]

1. d4 Nf6 2. e3 g6 3. f4 d6 4. Bd3 Bg7 5. Nf3 0-0 6. 0-0 Re8 7. e4 Bg4 8. h3 Bxf3 9. Qxf3 c6 10. c3 e5 11. Na3 exd4 12. cxd4 Qb6 13. Nc2 Nbd7 14. Kh1 Rac8 15. e5 dxe5 16. fxe5 Nd5 17. Qxf7+ Kh8 18. Qxd7 1-0

[Event "Foment Martinenc op-B 20th"]
[Site "Barcelona"]
[Date "2018.05.26"]
[Round "6"]
[White "Ruiz Soria, Adria"]
[Black "Lopez Escobar, Enrique"]
[Result "0-1"]
[WhiteElo "1916"]
[BlackElo "1636"]
[PlyCount "66"]
[EventDate "2018.04.21"]
[EventType "swiss"]
[EventRounds "9"]
[EventCountry "ESP"]
[SourceTitle "CBM 184 Extra"]
[Source "ChessBase"]
[SourceDate "2018.06.28"]
[SourceVersion "1"]
[SourceVersionDate "2018.06.28"]
[SourceQuality "1"]

1. d4 f5 2. c4 Nf6 3. Nc3 e6 4. Nf3 Be7 5. g3 0-0 6. Bg2 Kh8 7. 0-0 Qe8 8. Re1 Ne4 9. Nxe4 fxe4 10. Ng5 d5 11. Nh3 Bf6 12. e3 g5 13. Rb1 Qf7 14. Rf1 Qg6 15. Kh1 Bg7 16. b3 Bh6 17. Ba3 Rg8 18. Rc1 Nd7 19. cxd5 exd5 20. Rxc7 Nf6 21. f3 exf3 22. Bxf3 Bxh3 23. Rf2 Ne4 24. Rfc2 Nxg3+ 25. hxg3 g4 26. Be2 Qe4+ 27. Bf3 gxf3 28. Kh2 Qg4 29. Bd6 Qh5 30. Kg1 Bxe3+ 31. Rf2 Bg2 32. Be5+ Rg7 33. Bxg7+ Kg8 0-1

[Event "Foment Martinenc op-B 20th"]
[Site "Barcelona"]
[Date "2018.05.19"]
[Round "5"]
[White "Lopez Escobar, Enrique"]
[Black "Esteban Bruguera, German"]
[Result "0-1"]
[WhiteElo "1636"]
[BlackElo "1752"]
[PlyCount "56"]
[EventDate "2018.04.21"]
[EventType "swiss"]
[EventRounds "9"]
[EventCountry "ESP"]
[SourceTitle "CBM 184 Extra"]
[Source "ChessBase"]
[SourceDate "2018.06.28"]
[SourceVersion "1"]
[SourceVersionDate "2018.06.28"]
[SourceQuality "1"]

1. d4 Nf6 2. Bf4 g6 3. e3 Bg7 4. Nf3 0-0 5. Be2 d6 6. h3 Nbd7 7. Nbd2 b6 8. 0-0 Bb7 9. Bh2 c5 10. c3 Qc7 11. c4 h6 12. Bd3 Rae8 13. Qc2 e5 14. d5 Qd8 15. Kh1 Qe7 16. e4 Nh5 17. Ng1 Nf4 18. Ndf3 Bc8 19. Ne2 g5 20. Nfg1 Nf6 21. g4 Bd7 22. Bxf4 gxf4 23. Nc3 Nxg4 24. Be2 Qh4 25. Bxg4 Bxg4 26. f3 Bd7 27. Qf2 Qe7 28. Kh2 Bf6 0-1

[Event "Foment Martinenc op-B 20th"]
[Site "Barcelona"]
[Date "2018.04.21"]
[Round "1"]
[White "Gomez Rivera, Judit"]
[Black "Lopez Escobar, Enrique"]
[Result "0-1"]
[WhiteElo "1372"]
[BlackElo "1636"]
[PlyCount "82"]
[EventDate "2018.04.21"]
[EventType "swiss"]
[EventRounds "9"]
[EventCountry "ESP"]
[SourceTitle "CBM 184 Extra"]
[Source "ChessBase"]
[SourceDate "2018.06.28"]
[SourceVersion "1"]
[SourceVersionDate "2018.06.28"]
[SourceQuality "1"]

1. e4 c6 2. d4 d5 3. e5 Bf5 4. c3 e6 5. Nd2 c5 6. Ngf3 Nc6 7. Qa4 a6 8. Be2 b5 9. Qd1 cxd4 10. Nxd4 Nxd4 11. cxd4 Rc8 12. Nf3 Bb4+ 13. Bd2 Bc2 14. Qc1 Bg6 15. Qd1 Bxd2+ 16. Qxd2 Rc2 17. Qb4 Ne7 18. Qb3 Qa5+ 19. Kf1 0-0 20. a3 Rfc8 21. g3 Be4 22. Qb4 Qc7 23. Re1 Nc6 24. Qb3 Bxf3 25. Bxf3 Nxd4 26. Qe3 Qc4+ 27. Kg2 Nf5 28. Qb6 Qc6 29. Qxc6 R8xc6 30. Rb1 Kf8 31. Rhe1 Ke7 32. Be2 Rd2 33. Bd1 Nd4 34. h4 Rc4 35. Kf1 Kd7 36. b3 Rc3 37. Re3 Rxe3 38. fxe3 Nc2 39. Bxc2 Rxc2 40. Ke1 Rg2 41. a4 Rg1+ 0-1

[Event "ESP-ch FEDC 26th"]
[Site "Ciudad Real"]
[Date "2017.11.19"]
[Round "8.13"]
[White "Lopez Escobar, Enrique"]
[Black "De Frutos Gargallo, Benito"]
[Result "1-0"]
[WhiteElo "1594"]
[BlackElo "1879"]
[PlyCount "47"]
[EventDate "2017.11.12"]
[EventType "swiss"]
[EventRounds "8"]
[EventCountry "ESP"]
[SourceTitle "EXT 2024"]
[Source "ChessBase"]
[SourceDate "2023.10.10"]
[SourceVersion "1"]
[SourceVersionDate "2023.10.10"]
[SourceQuality "1"]

1. d4 d5 2. Bf4 Bf5 3. e3 Nf6 4. c4 c6 5. Qb3 Qb6 6. Nc3 e6 7. c5 Qxb3 8. axb3 Nbd7 9. h3 Be7 10. b4 0-0 11. Nf3 a6 12. Nd2 Ne4 13. Nb3 Nxc3 14. bxc3 f6 15. Na5 e5 16. Bh2 Ra7 17. g4 Bg6 18. Bg2 Rb8 19. 0-0 Bd3 20. Rfd1 Bb5 21. e4 Bd8 22. exd5 Bxa5 23. Rxa5 Re8 24. dxc6 1-0

[Event "ESP-ch FEDC 26th"]
[Site "Ciudad Real"]
[Date "2017.11.16"]
[Round "5.8"]
[White "Zanoletty Garcia, David"]
[Black "Lopez Escobar, Enrique"]
[Result "1-0"]
[WhiteElo "1987"]
[BlackElo "1594"]
[PlyCount "63"]
[EventDate "2017.11.12"]
[EventType "swiss"]
[EventRounds "8"]
[EventCountry "ESP"]
[SourceTitle "EXT 2024"]
[Source "ChessBase"]
[SourceDate "2023.10.10"]
[SourceVersion "1"]
[SourceVersionDate "2023.10.10"]
[SourceQuality "1"]

1. d4 d5 2. Nf3 Nf6 3. Bf4 e6 4. e3 Be7 5. Bd3 c5 6. c3 Nbd7 7. Ne5 0-0 8. Nd2 Qb6 9. Rb1 c4 10. Bc2 Qa6 11. Ra1 b5 12. a3 Rd8 13. g4 Nf8 14. h4 Bd7 15. g5 Ne8 16. h5 Nd6 17. g6 Be8 18. gxf7+ Bxf7 19. Rg1 Qb7 20. Bh6 Bf6 21. Bxg7 Bxg7 22. h6 Ng6 23. Nxf7 Qxf7 24. hxg7 Nf5 25. Nf3 Rd7 26. Ng5 Qf6 27. Qg4 Re8 28. Qh5 Rxg7 29. Nxh7 Rxh7 30. Rxg6+ Ng7 31. Qxh7+ Kxh7 32. Rxf6+ 1-0

[Event "ESP-ch FEDC 26th"]
[Site "Ciudad Real"]
[Date "2017.11.14"]
[Round "3.16"]
[White "Quintero Gemio, Antonio J"]
[Black "Lopez Escobar, Enrique"]
[Result "1/2-1/2"]
[WhiteElo "1750"]
[BlackElo "1594"]
[PlyCount "61"]
[EventDate "2017.11.12"]
[EventType "swiss"]
[EventRounds "8"]
[EventCountry "ESP"]
[SourceTitle "EXT 2024"]
[Source "ChessBase"]
[SourceDate "2023.10.10"]
[SourceVersion "1"]
[SourceVersionDate "2023.10.10"]
[SourceQuality "1"]

1. e4 c6 2. d3 d5 3. Nd2 e5 4. g3 Nf6 5. Ngf3 Bg4 6. Bg2 Na6 7. 0-0 Bd6 8. Re1 Qc8 9. Nf1 d4 10. Bg5 Bb4 11. N1d2 h6 12. Bxf6 gxf6 13. a3 Bxd2 14. Qxd2 Bxf3 15. Bxf3 Qh3 16. Bg2 Qg4 17. c3 Nc5 18. Rab1 Ne6 19. h4 Rd8 20. Kh2 Rd7 21. c4 Qh5 22. Bh3 Rc7 23. Bxe6 fxe6 24. Qb4 Qf7 25. Qd2 Qg6 26. b4 0-0 27. Rg1 Qg4 28. Rg2 Rg7 29. b5 c5 30. Rf1 Qf3 31. a4 1/2-1/2

[Event "Almunecar FEDC op 19th"]
[Site "Almunecar"]
[Date "2017.10.03"]
[Round "4.11"]
[White "Lopez Escobar, Enrique"]
[Black "Garcia Diaz, Jose"]
[Result "1-0"]
[WhiteElo "1622"]
[BlackElo "1467"]
[PlyCount "76"]
[EventDate "2017.09.30"]
[EventType "swiss"]
[EventRounds "7"]
[EventCountry "ESP"]
[SourceTitle "EXT 2024"]
[Source "ChessBase"]
[SourceDate "2023.10.10"]
[SourceVersion "1"]
[SourceVersionDate "2023.10.10"]
[SourceQuality "1"]

1. e4 c5 2. Nf3 e6 3. d4 cxd4 4. Nxd4 Bc5 5. Nb3 Bb6 6. c4 Na6 7. Nc3 Qf6 8. Qe2 d6 9. Be3 Ne7 10. Bxb6 axb6 11. Nb5 e5 12. Rd1 d5 13. cxd5 0-0 14. d6 Be6 15. dxe7 Qxe7 16. Nc3 Bxb3 17. axb3 Qb4 18. Qd2 Nc5 19. Bc4 b5 20. Bd5 Rfd8 21. Qc2 Nxe4 22. Qxe4 Qxe4+ 23. Bxe4 b4 24. Rxd8+ Rxd8 25. Nd5 f5 26. Ne7+ Kf7 27. Nxf5 g6 28. Ne3 Ra8 29. Bb1 Rd8 30. Ke2 Ke6 31. Rd1 Rc8 32. Bd3 Ra8 33. Bc4+ Ke7 34. Kd2 Ra2 35. Kc2 Ra5 36. Rd5 b6 37. Rxa5 bxa5 38. Kd3 Kd6 1-0

[Event "Almunecar FEDC op 19th"]
[Site "Almunecar"]
[Date "2017.10.02"]
[Round "3.9"]
[White "San Isidoro Castillo, Jose"]
[Black "Lopez Escobar, Enrique"]
[Result "1/2-1/2"]
[WhiteElo "1397"]
[BlackElo "1622"]
[PlyCount "50"]
[EventDate "2017.09.30"]
[EventType "swiss"]
[EventRounds "7"]
[EventCountry "ESP"]
[SourceTitle "EXT 2024"]
[Source "ChessBase"]
[SourceDate "2023.10.10"]
[SourceVersion "1"]
[SourceVersionDate "2023.10.10"]
[SourceQuality "1"]

1. e4 e5 2. Nf3 Nc6 3. Bb5 a6 4. Ba4 Nf6 5. d3 d6 6. c3 Be7 7. 0-0 0-0 8. Re1 Bg4 9. h3 Bxf3 10. Qxf3 b5 11. Bb3 Na5 12. Bc2 c5 13. Bg5 Nd5 14. Bxe7 Nxe7 15. Nd2 Nac6 16. Nf1 a5 17. Ne3 Qd7 18. Bb3 Rab8 19. Bd5 Nxd5 20. Nxd5 Ne7 21. Nxe7+ Qxe7 22. b3 Rfc8 23. Rab1 h6 24. Rec1 b4 25. c4 Ra8 1/2-1/2

[Event "Benidorm op 18th"]
[Site "Benidorm"]
[Date "2017.06.15"]
[Round "5"]
[White "Lopez Escobar, Enrique"]
[Black "Espadina Solano, Jaime E"]
[Result "0-1"]
[WhiteElo "1659"]
[BlackElo "1713"]
[PlyCount "64"]
[EventDate "2017.06.11"]
[EventType "swiss"]
[EventRounds "7"]
[EventCountry "ESP"]
[SourceTitle "EXT 2018"]
[Source "ChessBase"]
[SourceDate "2017.10.13"]
[SourceVersion "1"]
[SourceVersionDate "2017.10.13"]
[SourceQuality "1"]

1. e4 c5 2. Nc3 e6 3. g3 d5 4. exd5 exd5 5. Bg2 Nf6 6. Nge2 d4 7. Ne4 Nxe4 8. Bxe4 Bd6 9. d3 Nc6 10. 0-0 Bg4 11. f4 0-0 12. Kg2 Re8 13. Rf2 Bc7 14. h3 Be6 15. c4 Na5 16. b3 Rb8 17. Kh2 b5 18. Bd2 bxc4 19. Bxa5 Bxa5 20. dxc4 Bxc4 21. Bxh7+ Kxh7 22. bxc4 d3 23. Ng1 Qd4 24. Rg2 Bc3 25. Nf3 Qe3 26. Ng5+ Kg6 27. Rc1 Bf6 28. Rd2 Rb2 29. Rxb2 Bxb2 30. Rc2 dxc2 31. Qxc2+ f5 32. Qxb2 Qe2+ 0-1

[Event "Benidorm op 18th"]
[Site "Benidorm"]
[Date "2017.06.14"]
[Round "4"]
[White "Garcia Rodriguez, Florencio"]
[Black "Lopez Escobar, Enrique"]
[Result "1/2-1/2"]
[WhiteElo "1759"]
[BlackElo "1659"]
[PlyCount "48"]
[EventDate "2017.06.11"]
[EventType "swiss"]
[EventRounds "7"]
[EventCountry "ESP"]
[SourceTitle "EXT 2018"]
[Source "ChessBase"]
[SourceDate "2017.10.13"]
[SourceVersion "1"]
[SourceVersionDate "2017.10.13"]
[SourceQuality "1"]

1. e4 c6 2. d4 d5 3. Nc3 dxe4 4. Nxe4 Bf5 5. Ng3 Bg6 6. h4 h6 7. Nf3 Nd7 8. h5 Bh7 9. Bd3 Bxd3 10. Qxd3 e6 11. Bf4 Qa5+ 12. Bd2 Bb4 13. c3 Be7 14. 0-0 Ngf6 15. Rfe1 0-0-0 16. b4 Qc7 17. c4 Bd6 18. Ne4 Bf4 19. Bxf4 Qxf4 20. Qe3 Qxe4 21. Qxe4 Nxe4 22. Rxe4 Nf6 23. Re5 Ng4 24. Ra5 Kb8 1/2-1/2

[Event "FEDC Cup Div/1 16th"]
[Site "Cambrils"]
[Date "2015.11.27"]
[Round "6.2"]
[White "Lopez Escobar, Enrique"]
[Black "Draghici Flutur, Gavril"]
[Result "0-1"]
[WhiteElo "1640"]
[BlackElo "2142"]
[PlyCount "44"]
[EventDate "2015.11.22"]
[EventType "team-tourn"]
[EventRounds "7"]
[EventCountry "ESP"]
[SourceTitle "CBM 169 Extra"]
[Source "ChessBase"]
[SourceDate "2015.12.18"]
[SourceVersion "1"]
[SourceVersionDate "2015.12.18"]
[SourceQuality "1"]
[WhiteTeam "Barcelona II"]
[BlackTeam "Tarragona"]
[WhiteTeamCountry "ESP"]
[BlackTeamCountry "ESP"]

1. e4 c5 2. Nc3 Nc6 3. g3 g6 4. Bg2 Bg7 5. d3 Rb8 6. Be3 b5 7. Qd2 Nd4 8. Nge2 d6 9. h3 a5 10. f4 e6 11. 0-0 Ne7 12. Rae1 0-0 13. Nd1 d5 14. g4 dxe4 15. dxe4 f5 16. c3 Nxe2+ 17. Qxe2 Qc7 18. Qf2 fxe4 19. Bxe4 e5 20. Bxc5 Rxf4 21. Qxf4 exf4 22. Bxe7 Be6 0-1

[Event "FEDC Cup Div/1 16th"]
[Site "Cambrils"]
[Date "2015.11.26"]
[Round "5.3"]
[White "Lopez Escobar, Enrique"]
[Black "Garcia Cervigon, Juan Pablo"]
[Result "1/2-1/2"]
[WhiteElo "1640"]
[BlackElo "1694"]
[PlyCount "49"]
[EventDate "2015.11.22"]
[EventType "team-tourn"]
[EventRounds "7"]
[EventCountry "ESP"]
[SourceTitle "CBM 169 Extra"]
[Source "ChessBase"]
[SourceDate "2015.12.18"]
[SourceVersion "1"]
[SourceVersionDate "2015.12.18"]
[SourceQuality "1"]
[WhiteTeam "Barcelona II"]
[BlackTeam "Castilla La Mancha"]
[WhiteTeamCountry "ESP"]
[BlackTeamCountry "ESP"]

1. e4 c6 2. d4 d5 3. e5 Bf5 4. Nc3 h6 5. g4 Bd7 6. Bd3 e6 7. Nce2 c5 8. Nf4 Ne7 9. c3 Nbc6 10. Nf3 cxd4 11. cxd4 Qb6 12. Kf1 Rc8 13. Kg2 g6 14. a3 Na5 15. b4 Nc4 16. Qe2 Ba4 17. Be3 Nxe3+ 18. fxe3 Bg7 19. Rhc1 0-0 20. Rc5 Rc6 21. Rb1 Rfc8 22. Rb2 Qd8 23. Bc2 Bxc2 24. Rbxc2 b6 25. Rxc6 1/2-1/2